Náterové hmoty firmy polytex - ekológia, ochrana, kvalita

Bibliographic Details
Main Author: Truchlík, Štefan (Author)
Format: Article
Language:Slovak
ISSN:1335-1249
Subjects:

MARC

LEADER 00000nab a2200000 a 4500
001 vtls000628158
003 SK-MaSNL
005 20260304093559.0
008 250425c1997 xo 0 slo
015 |a SNBRB19rr/mm-uuuuu 
035 |a CL0628297 
035 |a urn:nbn:sk:snk-abajdc 
035 |a (urnnbn)urn:nbn:sk:snk:ar-008eh5 
035 |a (uuid)55f9ac2f-7ee9-4021-a97b-83a60bda1d4f 
040 |a SNKBUCL  |b slo  |c SNKBUCL  |e AACR2 
041 0 |a slo 
044 |a xo  |c SK 
080 |a 667.63/.64:061.5(437.6)  |2 1981 
100 1 |a Truchlík, Štefan  |4 aut  |9 270900 
245 1 0 |a Náterové hmoty firmy polytex - ekológia, ochrana, kvalita  |c Štefan Truchlík 
650 0 7 |a náterové látky  |2 snkbucl  |9 75358 
650 0 7 |a Polytex, Žilina  |2 snkbucl  |9 1388839 
655 7 |a články z novín a časopisov  |2 snkbucl  |9 267496 
773 0 |t Eurostav  |g Roč. 3, č. 3 (1997), s. 19  |x 1335-1249 
850 |a Slovenská národná knižnica 
852 |a Slovenská národná knižnica 
954 |a odborná, vedecká literatúra pôvodná (slovenská)  |2 lita 
957 |a 5313 
958 |a article14 
958 |a OND 
958 |a SK 
958 |a RK 
958 |a EUIPO 
992 |a RBX 
999 |c 2823739  |d 2825669